El divino Maestro
Uloženo v:
| Hlavní autor: | |
|---|---|
| Médium: | Kniha |
| Jazyk: | španělština |
| Vydáno: |
Buenos Aires
Acme
1957
|
| Témata: | |
| Tagy: |
Přidat tag
Žádné tagy, Buďte první, kdo vytvoří štítek k tomuto záznamu!
|
MARC
| LEADER | 00000nam a2200000 a 4500 | ||
|---|---|---|---|
| 001 | UCT6750 | ||
| 003 | CL-VaPUC | ||
| 008 | 970113e19570000AG |||||||||||||||||spa|d | ||
| 082 | 0 | 4 | |a Ar863 |b BER |2 21 |
| 100 | 0 | |a Berdiales, Germán |e author |9 376990 | |
| 245 | 1 | 3 | |a El divino Maestro |
| 300 | |a 472 p | ||
| 942 | |c BK | ||
| 945 | |d 19970113 00:00:00 |a nastorga | ||
| 260 | |a Buenos Aires |b Acme |c 1957 | ||
| 600 | 0 | |a Jesús |9 313614 | |
| 650 | 0 | |a Novelas argentinas |9 267871 | |
| 583 | |a last modification |c 19970113 00:00:00 |k Rodrigo Vera | ||
| 999 | |c 255426 |d 255424 | ||
| 952 | |0 0 |1 0 |4 0 |6 AR_863_000000000000000_BER_1957 |7 0 |8 A |9 277657 |a BIBEDU |b BIBEDU |d 2019-11-19 |i 3273873 |o Ar863 BER 1957 |p 3273873 |r 2019-11-19 |w 2019-11-19 |y BK |k LIT | ||